[Event "FIDE Online-ch U10 Girls 2020"]
[Site "Online"]
[Date "2020.12.19"]
[Round "1.3"]
[White "Bashirli, Saadat"]
[Black "Yousefian, Maedeh"]
[Result "1-0"]
[WhiteElo "1320"]
[BlackElo "1471"]
[Annotator "NA RC"]
[PlyCount "97"]
[EventDate "2020.12.18"]
[EventType "k.o."]
[EventCountry "NET"]
[SourceTitle "playchess.com"]
[Source "ChessBase"]
[SourceQuality "1"]

1. d4 {[%emt 0:10:10]} Nf6 {[%emt 0:11:16]} 2. Bg5 {[%emt 0:00:13]} e6 {[%emt 0:00:12]} 3. e4 {[%emt 0:00:13]} Be7 {[%emt 0:00:11]} 4. Bd3 {[%emt 0:00:13]} h6 {[%emt 0:00:16]} 5. Be3 {[%emt 0:00:14]} b6 {[%emt 0:00:13]} 6. h3 {[%emt 0:00:15]} Bb7 {[%emt 0:00:12]} 7. Nd2 {[%emt 0:00:12]} O-O {[%emt 0:00:16]} 8. Ngf3 {[%emt 0:00:12]} d6 {[%emt 0:00:14]} 9. O-O {[%emt 0:00:13]} Nbd7 {[%emt 0:00:11]} 10. c3 {[%emt 0:00:14]} c5 {[%emt 0:00:13]} 11. Re1 {[%emt 0:00:15]} e5 {[%emt 0:00:13]} 12. d5 {[%emt 0:00:30]} Re8 {[%emt 0:00:19]} 13. a4 {[%emt 0:00:17]} a5 {[%emt 0:00:16]} 14. Nc4 {[%emt 0:00:13]} Ba6 {[%emt 0:00:25]} 15. Bd2 {[%emt 0:00:15]} Bxc4 {[%emt 0:00:21]} 16. Bxc4 {[%emt 0:00:13]} Nf8 {[%emt 0:00:11]} 17. Bb5 {[%emt 0:00:13]} N6d7 {[%emt 0:00:16]} 18. Qb3 {[%emt 0:00:19]} Ng6 {[%emt 0:00:20]} 19. Bc6 {[%emt 0:00:22]} Rb8 {[%emt 0:00:13]} 20. Qb5 {[%emt 0:00:13]} Ngf8 {[%emt 0:00:17]} 21. b4 {[%emt 0:00:24]} axb4 {[%emt 0:00:14]} 22. cxb4 {[%emt 0:00:13]} Qc7 {[%emt 0:00:14]} 23. Rac1 {[%emt 0:00:20]} Qa7 {[%emt 0:00:17]} 24. Be3 {[%emt 0:00:21]} Red8 {[%emt 0:00:15]} 25. Qc4 {[%emt 0:00:25]} Ng6 {[%emt 0:00:13]} 26. b5 {[%emt 0:00:20]} Rbc8 {[%emt 0:00:15]} 27. Nd2 {[%emt 0:00:19]} Nb8 {[%emt 0:00:19]} 28. Ra1 {[%emt 0:00:15]} Qa5 {[%emt 0:00:16]} 29. Nb3 {[%emt 0:00:14]} Qa7 {[%emt 0:00:15]} 30. a5 {[%emt 0:00:14]} bxa5 {[%emt 0:00:14]} 31. Rxa5 {[%emt 0:00:14]} Qb6 {[%emt 0:00:11]} 32. Rea1 {[%emt 0:00:16]} Rf8 {[%emt 0:00:22]} 33. Ra7 {[%emt 0:00:16]} Rc7 {[%emt 0:00:17]} 34. R7a5 {[%emt 0:00:18]} Nxc6 {[%emt 0:00:15]} 35. dxc6 {[%emt 0:00:16]} Qb8 {[%emt 0:00:14]} 36. Ra6 {[%emt 0:00:19]} Bg5 {[%emt 0:00:17]} 37. Na5 {[%emt 0:00:17]} Bxe3 {[%emt 0:00:23]} 38. fxe3 {[%emt 0:00:14]} Ne7 {[%emt 0:00:13]} 39. b6 {[%emt 0:00:19]} Rxc6 {[%emt 0:00:13]} 40. Nxc6 {[%emt 0:00:14]} Nxc6 {[%emt 0:00:11]} 41. Qb5 {[%emt 0:00:21]} Qb7 {[%emt 0:00:13]} 42. R6a4 {[%emt 0:00:19]} Rb8 {[%emt 0:00:13]} 43. Rb1 {[%emt 0:00:14]} Qc8 {[%emt 0:00:14]} 44. Ra6 {[%emt 0:00:16]} Qb7 {[%emt 0:00:14]} 45. Qa4 {[%emt 0:00:14]} Kf8 {[%emt 0:00:14]} 46. Ra1 {[%emt 0:00:16]} Qc8 {[%emt 0:00:13]} 47. b7 {[%emt 0:00:15]} Qxb7 {[%emt 0:00:12]} 48. Ra5 {[%emt 0:00:12]} Nxa5 {[%emt 0:00:14]} 49. Qxa5 {[%emt 0:00:11]} 1-0

[Event "FIDE Online-ch U10 Girls 2020"]
[Site "Online"]
[Date "2020.12.19"]
[Round "1.4"]
[White "Mollo Figueroa, Nicole"]
[Black "Preobrazhenskaya, Diana"]
[Result "0-1"]
[WhiteElo "1141"]
[BlackElo "1629"]
[Annotator "NA"]
[PlyCount "84"]
[EventDate "2020.12.18"]
[EventType "k.o."]
[EventCountry "NET"]
[SourceTitle "playchess.com"]
[Source "ChessBase"]
[SourceQuality "1"]

1. e4 {[%emt 0:00:00]} e5 {[%emt 0:00:05]} 2. Nf3 {[%emt 0:00:04]} Nc6 {[%emt 0:00:16]} 3. Bc4 {[%emt 0:00:05]} Bc5 {[%emt 0:00:03]} 4. c3 {[%emt 0:00:07]} Qe7 {[%emt 0:00:08]} 5. d4 {[%emt 0:00:17]} Bb6 {[%emt 0:00:18]} 6. O-O {[%emt 0:00:11]} d6 {[%emt 0:00:18]} 7. Re1 {[%emt 0:00:15]} Nf6 {[%emt 0:00:25]} 8. h3 {[%emt 0:00:22]} O-O {[%emt 0:00:34]} 9. a3 {[%emt 0:00:23]} a6 {[%emt 0:01:03]} 10. b4 {[%emt 0:00:26]} Rd8 {[%emt 0:01:02]} 11. Bg5 {[%emt 0:00:26]} h6 {[%emt 0:00:24]} 12. Bh4 {[%emt 0:00:15]} Ba7 {[%emt 0:01:40]} 13. Qd3 {[%emt 0:00:24]} Bd7 {[%emt 0:01:10]} 14. Nbd2 {[%emt 0:00:11]} b5 {[%emt 0:01:02]} 15. Bb3 {[%emt 0:00:08]} Bb6 {[%emt 0:00:32]} 16. Rec1 {[%emt 0:02:12]} Re8 {[%emt 0:00:47]} 17. d5 {[%emt 0:01:38]} Nb8 {[%emt 0:00:25]} 18. c4 {[%emt 0:00:11]} c6 {[%emt 0:01:46]} 19. c5 {[%emt 0:01:26]} Bc7 {[%emt 0:01:02]} 20. dxc6 {[%emt 0:02:03]} Nxc6 {[%emt 0:01:11]} 21. Bd5 {[%emt 0:00:42]} Rac8 {[%emt 0:00:27]} 22. cxd6 {[%emt 0:01:16]} Qxd6 {[%emt 0:00:51]} 23. Bxf6 {[%emt 0:00:09]} Qxf6 {[%emt 0:00:11]} 24. Nb3 {[%emt 0:00:20]} Bb6 {[%emt 0:00:38]} 25. Nc5 {[%emt 0:00:26]} Bxc5 {[%emt 0:01:20]} 26. Rxc5 {[%emt 0:00:07]} Nd4 {[%emt 0:00:49]} 27. Rxc8 {[%emt 0:00:35]} Rxc8 {[%emt 0:00:10]} 28. Nxd4 {[%emt 0:00:50]} exd4 {[%emt 0:00:03]} 29. Rd1 {[%emt 0:00:11]} Qg6 {[%emt 0:00:26]} 30. Kh1 {[%emt 0:00:51]} Rc3 {[%emt 0:00:34]} 31. Qxd4 {[%emt 0:00:10]} Bxh3 {[%emt 0:00:15]} 32. e5 {[%emt 0:00:49]} Rxa3 {[%emt 0:00:10]} 33. Qh4 {[%emt 0:01:23]} Bg4 {[%emt 0:00:10]} 34. f3 {[%emt 0:00:29]} Bf5 {[%emt 0:00:07]} 35. Be4 {[%emt 0:00:40]} Ra2 {[%emt 0:00:11]} 36. Rg1 {[%emt 0:00:40]} Bxe4 {[%emt 0:00:08]} 37. fxe4 {[%emt 0:00:02]} Re2 {[%emt 0:00:11]} 38. Qd8+ {[%emt 0:00:16]} Kh7 {[%emt 0:00:02]} 39. Qd7 {[%emt 0:00:12]} Qxe4 {[%emt 0:00:19]} 40. Qh3 {[%emt 0:00:15]} Re3 {[%emt 0:00:08]} 41. Qh2 {[%emt 0:00:05]} Qf5 {[%emt 0:00:10]} 42. g4 {[%emt 0:00:09]} Qe4+ {[%emt 0:00:09]} 0-1

[Event "FIDE Online-ch U10 Girls 2020"]
[Site "Online"]
[Date "2020.12.19"]
[Round "1.5"]
[White "Alfano, Emilie"]
[Black "Ramazzotte, Esther Zilli"]
[Result "1-0"]
[WhiteElo "1621"]
[BlackElo "1155"]
[Annotator "NA"]
[PlyCount "105"]
[EventDate "2020.12.18"]
[EventType "k.o."]
[EventCountry "NET"]
[SourceTitle "playchess.com"]
[Source "ChessBase"]
[SourceQuality "1"]

1. e4 {[%emt 0:00:00]} c6 {[%emt 0:00:03]} 2. Nc3 {[%emt 0:00:04]} d5 {[%emt 0:00:06]} 3. Nf3 {[%emt 0:00:02]} dxe4 {[%emt 0:00:06]} 4. Nxe4 {[%emt 0:00:02]} Nd7 {[%emt 0:00:08]} 5. d4 {[%emt 0:00:19]} Ngf6 {[%emt 0:00:07]} 6. Bd3 {[%emt 0:00:34]} Nxe4 {[%emt 0:00:06]} 7. Bxe4 {[%emt 0:00:02]} Nf6 {[%emt 0:00:19]} 8. Bd3 {[%emt 0:00:04]} Bg4 {[%emt 0:00:15]} 9. Be2 {[%emt 0:00:07]} e6 {[%emt 0:00:08]} 10. O-O {[%emt 0:00:04]} Bd6 {[%emt 0:00:14]} 11. Bg5 {[%emt 0:00:32]} O-O {[%emt 0:00:11]} 12. Ne5 {[%emt 0:00:31]} Bxe2 {[%emt 0:00:21]} 13. Qxe2 {[%emt 0:00:06]} h6 {[%emt 0:00:39]} 14. Bh4 {[%emt 0:00:15]} Be7 {[%emt 0:00:42]} 15. c3 {[%emt 0:00:17]} Nd5 {[%emt 0:00:32]} 16. Bxe7 {[%emt 0:00:10]} Qxe7 {[%emt 0:00:06]} 17. Rad1 {[%emt 0:00:12]} Qg5 {[%emt 0:00:55]} 18. Qf3 {[%emt 0:00:38]} Qf6 {[%emt 0:01:04]} 19. Qxf6 {[%emt 0:00:53]} Nxf6 {[%emt 0:00:03]} 20. Rfe1 {[%emt 0:00:04]} Rfc8 {[%emt 0:00:14]} 21. Re3 {[%emt 0:00:34]} Nd5 {[%emt 0:00:58]} 22. Rf3 {[%emt 0:00:15]} Nf6 {[%emt 0:00:32]} 23. Kf1 {[%emt 0:00:32]} Rd8 {[%emt 0:00:09]} 24. Rfd3 {[%emt 0:00:36]} Kf8 {[%emt 0:00:22]} 25. Ke2 {[%emt 0:00:10]} Rac8 {[%emt 0:00:18]} 26. f4 {[%emt 0:00:22]} a5 {[%emt 0:00:29]} 27. Nc4 {[%emt 0:00:15]} Ra8 {[%emt 0:00:41]} 28. g3 {[%emt 0:00:27]} b5 {[%emt 0:00:15]} 29. Ne5 {[%emt 0:00:06]} Rac8 {[%emt 0:00:07]} 30. Ra1 {[%emt 0:00:25]} Nd5 {[%emt 0:01:52]} 31. a4 {[%emt 0:00:19]} b4 {[%emt 0:00:03]} 32. c4 {[%emt 0:00:33]} Nb6 {[%emt 0:00:06]} 33. b3 {[%emt 0:00:05]} f6 {[%emt 0:00:40]} 34. Nf3 {[%emt 0:00:19]} Kf7 {[%emt 0:00:19]} 35. Rad1 {[%emt 0:00:11]} Re8 {[%emt 0:00:13]} 36. Re3 {[%emt 0:00:09]} Rcd8 {[%emt 0:00:45]} 37. Re1 {[%emt 0:00:34]} Re7 {[%emt 0:00:43]} 38. Kf2 {[%emt 0:00:12]} g6 {[%emt 0:00:34]} 39. g4 {[%emt 0:00:29]} Rde8 {[%emt 0:00:46]} 40. Nh4 {[%emt 0:00:38]} g5 {[%emt 0:00:19]} 41. fxg5 {[%emt 0:00:16]} hxg5 {[%emt 0:00:04]} 42. Ng2 {[%emt 0:00:07]} Rh8 {[%emt 0:00:06]} 43. h3 {[%emt 0:00:14]} Rd8 {[%emt 0:00:29]} 44. Rd3 {[%emt 0:00:11]} e5 {[%emt 0:00:22]} 45. Red1 {[%emt 0:00:17]} e4 {[%emt 0:00:28]} 46. Re3 {[%emt 0:00:14]} Kg6 {[%emt 0:00:26]} 47. h4 {[%emt 0:00:36]} gxh4 {[%emt 0:00:31]} 48. Nxh4+ {[%emt 0:00:03]} Kg5 {[%emt 0:00:03]} 49. Nf5 {[%emt 0:00:08]} Re6 {[%emt 0:00:16]} 50. Rg1 {[%emt 0:00:24]} Rh8 {[%emt 0:00:35]} 51. Kg3 {[%emt 0:00:13]} Ree8 {[%emt 0:00:31]} 52. Nd6 {[%emt 0:00:16]} Re6 {[%emt 0:00:20]} 53. Nf7+ {[%emt 0:00:05]} 1-0

[Event "FIDE Online-ch U10 Girls 2020"]
[Site "Online"]
[Date "2020.12.19"]
[Round "1.6"]
[White "Shreya G Hipparagi"]
[Black "Merkulova, Viktoria"]
[Result "1-0"]
[WhiteElo "1273"]
[BlackElo "1417"]
[Annotator "NA"]
[PlyCount "151"]
[EventDate "2020.12.18"]
[EventType "k.o."]
[EventCountry "NET"]
[SourceTitle "playchess.com"]
[Source "ChessBase"]
[SourceQuality "1"]

1. e4 {[%emt 0:05:23]} c5 {[%emt 0:00:04]} 2. Nf3 {[%emt 0:00:03]} a6 {[%emt 0:00:03]} 3. d4 {[%emt 0:00:02]} cxd4 {[%emt 0:00:02]} 4. Nxd4 {[%emt 0:00:02]} Nf6 {[%emt 0:00:02]} 5. Nc3 {[%emt 0:00:02]} e5 {[%emt 0:00:02]} 6. Nb3 {[%emt 0:00:10]} Bb4 {[%emt 0:00:06]} 7. Bg5 {[%emt 0:00:20]} Nc6 {[%emt 0:00:40]} 8. Bd3 {[%emt 0:00:16]} h6 {[%emt 0:00:19]} 9. Bh4 {[%emt 0:00:06]} O-O {[%emt 0:00:47]} 10. O-O {[%emt 0:00:05]} Be7 {[%emt 0:00:23]} 11. Kh1 {[%emt 0:00:09]} d6 {[%emt 0:01:31]} 12. Bg3 {[%emt 0:01:26]} Be6 {[%emt 0:02:11]} 13. f4 {[%emt 0:00:29]} Ng4 {[%emt 0:02:16]} 14. Qd2 {[%emt 0:01:10]} Bh4 {[%emt 0:01:51]} 15. Qe1 {[%emt 0:01:19]} Be7 {[%emt 0:02:47]} 16. f5 {[%emt 0:00:40]} Bxb3 {[%emt 0:00:53]} 17. axb3 {[%emt 0:00:10]} Nd4 {[%emt 0:00:25]} 18. h3 {[%emt 0:00:28]} Nf6 {[%emt 0:00:08]} 19. Bh4 {[%emt 0:00:14]} Rc8 {[%emt 0:01:18]} 20. Bxf6 {[%emt 0:00:57]} Bxf6 {[%emt 0:00:04]} 21. Qf2 {[%emt 0:00:11]} Bg5 {[%emt 0:01:31]} 22. Nd5 {[%emt 0:00:46]} Rc6 {[%emt 0:00:56]} 23. Ra3 {[%emt 0:00:51]} Bf6 {[%emt 0:00:08]} 24. c3 {[%emt 0:00:12]} Nb5 {[%emt 0:00:13]} 25. Bxb5 {[%emt 0:00:03]} axb5 {[%emt 0:00:02]} 26. Rfa1 {[%emt 0:00:12]} Rc8 {[%emt 0:00:16]} 27. Qa7 {[%emt 0:00:21]} Rb8 {[%emt 0:00:07]} 28. Qb6 {[%emt 0:00:24]} Qxb6 {[%emt 0:00:06]} 29. Nxb6 {[%emt 0:00:01]} Rfd8 {[%emt 0:00:03]} 30. Nd5 {[%emt 0:00:08]} Kf8 {[%emt 0:00:07]} 31. Ra5 {[%emt 0:00:07]} Bg5 {[%emt 0:00:32]} 32. Rxb5 {[%emt 0:00:07]} Ra8 {[%emt 0:00:04]} 33. Rba5 {[%emt 0:00:16]} Rxa5 {[%emt 0:00:06]} 34. Rxa5 {[%emt 0:00:02]} Rc8 {[%emt 0:00:04]} 35. Ra7 {[%emt 0:00:10]} Rb8 {[%emt 0:00:02]} 36. g3 {[%emt 0:00:18]} Bd8 {[%emt 0:00:06]} 37. Kg2 {[%emt 0:00:04]} Ke8 {[%emt 0:00:17]} 38. b4 {[%emt 0:00:19]} Kd7 {[%emt 0:00:13]} 39. b5 {[%emt 0:00:06]} f6 {[%emt 0:00:12]} 40. Kf3 {[%emt 0:00:07]} Ke8 {[%emt 0:00:13]} 41. c4 {[%emt 0:00:24]} Kf8 {[%emt 0:00:08]} 42. Ke2 {[%emt 0:00:09]} Ke8 {[%emt 0:00:07]} 43. Kd3 {[%emt 0:00:02]} Kf8 {[%emt 0:00:13]} 44. b4 {[%emt 0:00:02]} Be7 {[%emt 0:00:14]} 45. Nb6 {[%emt 0:00:09]} Ke8 {[%emt 0:00:06]} 46. Ra8 {[%emt 0:00:23]} Rxa8 {[%emt 0:00:03]} 47. Nxa8 {[%emt 0:00:03]} Bd8 {[%emt 0:00:06]} 48. c5 {[%emt 0:00:01]} Kd7 {[%emt 0:00:09]} 49. Kc4 {[%emt 0:00:23]} dxc5 {[%emt 0:00:13]} 50. bxc5 {[%emt 0:00:04]} Kc8 {[%emt 0:00:11]} 51. Kd5 {[%emt 0:00:09]} Kb8 {[%emt 0:00:24]} 52. Nb6 {[%emt 0:00:03]} Kc7 {[%emt 0:00:18]} 53. Nc4 {[%emt 0:00:04]} Kd7 {[%emt 0:00:03]} 54. Nd6 {[%emt 0:00:03]} b6 {[%emt 0:00:12]} 55. c6+ {[%emt 0:00:08]} Ke7 {[%emt 0:00:05]} 56. Nc8+ {[%emt 0:00:09]} Ke8 {[%emt 0:00:05]} 57. Ke6 {[%emt 0:00:03]} Bc7 {[%emt 0:00:06]} 58. Nd6+ {[%emt 0:00:03]} Kd8 {[%emt 0:00:10]} 59. Nc4 {[%emt 0:00:16]} Ke8 {[%emt 0:00:04]} 60. g4 {[%emt 0:00:05]} Kd8 {[%emt 0:00:37]} 61. Kf7 {[%emt 0:00:14]} Kc8 {[%emt 0:00:05]} 62. Ke7 {[%emt 0:00:04]} Bd8+ {[%emt 0:00:16]} 63. Ke8 {[%emt 0:00:03]} Bc7 {[%emt 0:00:06]} 64. Kf7 {[%emt 0:00:02]} Bd8 {[%emt 0:00:02]} 65. Kxg7 {[%emt 0:00:02]} Kc7 {[%emt 0:00:06]} 66. Kf7 {[%emt 0:00:02]} Kb8 {[%emt 0:00:09]} 67. Nd6 {[%emt 0:00:07]} Bc7 {[%emt 0:00:13]} 68. Ne8 {[%emt 0:00:02]} Bd8 {[%emt 0:00:03]} 69. Nxf6 {[%emt 0:00:02]} Bxf6 {[%emt 0:00:09]} 70. Kxf6 {[%emt 0:00:02]} h5 {[%emt 0:00:07]} 71. Kxe5 {[%emt 0:00:03]} hxg4 {[%emt 0:00:07]} 72. f6 {[%emt 0:00:10]} gxh3 {[%emt 0:00:24]} 73. f7 {[%emt 0:00:02]} h2 {[%emt 0:00:02]} 74. f8=Q+ {[%emt 0:00:07]} Ka7 {[%emt 0:00:04]} 75. Qe7+ {[%emt 0:00:03]} Kb8 {[%emt 0:00:04]} 76. Qb7# {[%emt 0:00:02]} 1-0

[Event "FIDE Online-ch U10 Girls 2020"]
[Site "Online"]
[Date "2020.12.19"]
[Round "1.7"]
[White "Yousefian, Maedeh"]
[Black "Bashirli, Saadat"]
[Result "1-0"]
[WhiteElo "1471"]
[BlackElo "1320"]
[Annotator "NA"]
[PlyCount "79"]
[EventDate "2020.12.18"]
[EventType "k.o."]
[EventCountry "NET"]
[SourceTitle "playchess.com"]
[Source "ChessBase"]
[SourceQuality "1"]

1. e4 {[%emt 0:00:00]} c5 {[%emt 0:00:06]} 2. c3 {[%emt 0:00:02]} Nf6 {[%emt 0:00:02]} 3. e5 {[%emt 0:00:02]} Nd5 {[%emt 0:00:02]} 4. d4 {[%emt 0:00:04]} cxd4 {[%emt 0:00:02]} 5. Nf3 {[%emt 0:00:01]} Nc6 {[%emt 0:00:02]} 6. cxd4 {[%emt 0:00:03]} g6 {[%emt 0:00:03]} 7. Be2 {[%emt 0:00:07]} Bg7 {[%emt 0:00:03]} 8. O-O {[%emt 0:00:03]} O-O {[%emt 0:00:02]} 9. Bd2 {[%emt 0:00:11]} d6 {[%emt 0:00:04]} 10. exd6 {[%emt 0:00:28]} Qxd6 {[%emt 0:00:03]} 11. Bc3 {[%emt 0:00:46]} Bg4 {[%emt 0:00:12]} 12. Nbd2 {[%emt 0:00:43]} Nf4 {[%emt 0:00:32]} 13. Nb3 {[%emt 0:04:08]} Rfd8 {[%emt 0:00:59]} 14. Bc4 {[%emt 0:01:18]} Nd5 {[%emt 0:03:09]} 15. h3 {[%emt 0:00:37]} Be6 {[%emt 0:00:43]} 16. Bxd5 {[%emt 0:02:13]} Bxd5 {[%emt 0:00:14]} 17. Nfd2 {[%emt 0:01:12]} e5 {[%emt 0:00:57]} 18. dxe5 {[%emt 0:00:30]} Nxe5 {[%emt 0:00:13]} 19. f4 {[%emt 0:00:21]} Nc6 {[%emt 0:00:37]} 20. Bxg7 {[%emt 0:00:11]} Kxg7 {[%emt 0:00:04]} 21. f5 {[%emt 0:00:34]} Qg3 {[%emt 0:01:15]} 22. Qe2 {[%emt 0:01:25]} Nb4 {[%emt 0:03:37]} 23. Rac1 {[%emt 0:01:52]} Re8 {[%emt 0:00:38]} 24. Rc3 {[%emt 0:00:44]} Qg5 {[%emt 0:02:12]} 25. Qf2 {[%emt 0:00:22]} Rad8 {[%emt 0:01:32]} 26. Rg3 {[%emt 0:00:12]} Qh5 {[%emt 0:00:29]} 27. Qd4+ {[%emt 0:00:07]} Kg8 {[%emt 0:00:15]} 28. Qxb4 {[%emt 0:00:06]} Qe2 {[%emt 0:00:22]} 29. Qf4 {[%emt 0:00:16]} Bxb3 {[%emt 0:00:45]} 30. Nxb3 {[%emt 0:00:06]} Qe7 {[%emt 0:00:25]} 31. f6 {[%emt 0:00:08]} Qf8 {[%emt 0:00:04]} 32. Kh1 {[%emt 0:00:15]} Re2 {[%emt 0:00:08]} 33. Rgf3 {[%emt 0:00:31]} Rxb2 {[%emt 0:00:15]} 34. R3f2 {[%emt 0:00:04]} Rxf2 {[%emt 0:00:10]} 35. Qxf2 {[%emt 0:00:03]} b6 {[%emt 0:00:05]} 36. Nd4 {[%emt 0:00:09]} Rd5 {[%emt 0:00:19]} 37. Nc6 {[%emt 0:00:12]} Kh8 {[%emt 0:00:11]} 38. Ne7 {[%emt 0:00:05]} Rd6 {[%emt 0:00:10]} 39. Qf4 {[%emt 0:00:08]} Re6 {[%emt 0:00:10]} 40. Rc1 {[%emt 0:00:05]} 1-0

[Event "FIDE Online-ch U10 Girls 2020"]
[Site "Online"]
[Date "2020.12.19"]
[Round "1.8"]
[White "Kaliakhmet, Elnaz"]
[Black "Ramoul, Naila Nour"]
[Result "1-0"]
[WhiteElo "1426"]
[BlackElo "1334"]
[Annotator "NA"]
[PlyCount "119"]
[EventDate "2020.12.18"]
[EventType "k.o."]
[EventCountry "NET"]
[SourceTitle "playchess.com"]
[Source "ChessBase"]
[SourceQuality "1"]

1. d4 {[%emt 0:00:00]} f5 {[%emt 0:00:03]} 2. c4 {[%emt 0:00:12]} e6 {[%emt 0:00:04]} 3. Nc3 {[%emt 0:00:06]} Nf6 {[%emt 0:00:10]} 4. g3 {[%emt 0:00:11]} Be7 {[%emt 0:00:04]} 5. Bg2 {[%emt 0:00:08]} O-O {[%emt 0:00:39]} 6. Nf3 {[%emt 0:00:07]} d6 {[%emt 0:00:05]} 7. O-O {[%emt 0:00:21]} Ne4 {[%emt 0:00:07]} 8. Qc2 {[%emt 0:00:17]} Nxc3 {[%emt 0:00:05]} 9. Qxc3 {[%emt 0:00:14]} a5 {[%emt 0:00:04]} 10. b3 {[%emt 0:00:12]} Bf6 {[%emt 0:00:06]} 11. Rd1 {[%emt 0:01:52]} Nc6 {[%emt 0:00:24]} 12. Bb2 {[%emt 0:00:40]} e5 {[%emt 0:01:29]} 13. dxe5 {[%emt 0:00:10]} Nxe5 {[%emt 0:00:24]} 14. Nxe5 {[%emt 0:00:06]} Bxe5 {[%emt 0:00:14]} 15. Qc2 {[%emt 0:00:10]} Qf6 {[%emt 0:00:32]} 16. Bxe5 {[%emt 0:02:34]} Qxe5 {[%emt 0:00:50]} 17. Rac1 {[%emt 0:01:09]} f4 {[%emt 0:02:06]} 18. Qe4 {[%emt 0:00:57]} Qxe4 {[%emt 0:01:34]} 19. Bxe4 {[%emt 0:00:06]} a4 {[%emt 0:00:40]} 20. b4 {[%emt 0:00:28]} fxg3 {[%emt 0:00:57]} 21. hxg3 {[%emt 0:00:06]} Be6 {[%emt 0:01:09]} 22. a3 {[%emt 0:00:28]} Rab8 {[%emt 0:00:45]} 23. Kg2 {[%emt 0:00:18]} Bg4 {[%emt 0:00:45]} 24. f3 {[%emt 0:00:19]} Bf5 {[%emt 0:00:24]} 25. Bxf5 {[%emt 0:01:20]} Rxf5 {[%emt 0:00:03]} 26. e4 {[%emt 0:00:03]} Rf6 {[%emt 0:00:05]} 27. c5 {[%emt 0:00:29]} dxc5 {[%emt 0:01:01]} 28. Rxc5 {[%emt 0:00:04]} Rf7 {[%emt 0:00:05]} 29. Ra5 {[%emt 0:00:40]} b5 {[%emt 0:00:09]} 30. Ra6 {[%emt 0:00:18]} Rbf8 {[%emt 0:00:20]} 31. Rd3 {[%emt 0:00:33]} g6 {[%emt 0:00:21]} 32. Rc6 {[%emt 0:00:14]} Rb8 {[%emt 0:00:41]} 33. Rdc3 {[%emt 0:00:09]} Rb7 {[%emt 0:01:40]} 34. f4 {[%emt 0:00:17]} Rd7 {[%emt 0:00:13]} 35. Kf3 {[%emt 0:00:11]} Kf7 {[%emt 0:00:08]} 36. Ke2 {[%emt 0:00:17]} h5 {[%emt 0:00:15]} 37. e5 {[%emt 0:00:11]} Ke7 {[%emt 0:00:47]} 38. Rxg6 {[%emt 0:00:06]} Rb8 {[%emt 0:00:54]} 39. Rg7+ {[%emt 0:00:15]} Ke6 {[%emt 0:00:15]} 40. f5+ {[%emt 0:00:10]} Kxf5 {[%emt 0:00:17]} 41. Rxd7 {[%emt 0:00:04]} Kxe5 {[%emt 0:00:03]} 42. Re3+ {[%emt 0:00:04]} Kf5 {[%emt 0:00:08]} 43. Rxc7 {[%emt 0:00:05]} Rg8 {[%emt 0:00:12]} 44. Rc5+ {[%emt 0:00:11]} Kg4 {[%emt 0:00:11]} 45. Rxb5 {[%emt 0:00:20]} Rc8 {[%emt 0:00:15]} 46. Rc5 {[%emt 0:00:03]} Rb8 {[%emt 0:00:10]} 47. Rc4+ {[%emt 0:00:11]} Kh3 {[%emt 0:00:05]} 48. g4+ {[%emt 0:00:04]} Kh4 {[%emt 0:00:10]} 49. gxh5+ {[%emt 0:00:02]} Kxh5 {[%emt 0:00:03]} 50. Rg3 {[%emt 0:00:08]} Re8+ {[%emt 0:00:07]} 51. Kf2 {[%emt 0:00:02]} Rf8+ {[%emt 0:00:05]} 52. Kg2 {[%emt 0:00:03]} Rf6 {[%emt 0:00:17]} 53. Rc8 {[%emt 0:00:09]} Re6 {[%emt 0:00:10]} 54. Rh8+ {[%emt 0:00:03]} Rh6 {[%emt 0:00:02]} 55. Rxh6+ {[%emt 0:00:02]} Kxh6 {[%emt 0:00:02]} 56. b5 {[%emt 0:00:01]} Kh5 {[%emt 0:00:03]} 57. b6 {[%emt 0:00:02]} Kh6 {[%emt 0:00:04]} 58. b7 {[%emt 0:00:01]} Kh7 {[%emt 0:00:05]} 59. b8=Q {[%emt 0:00:04]} Kh6 {[%emt 0:00:01]} 60. Qh8# {[%emt 0:00:02]} 1-0

[Event "FIDE Online-ch U10 Girls 2020"]
[Site "Online"]
[Date "2020.12.19"]
[Round "2.1"]
[White "Smietanska, Wiktoria"]
[Black "Kaliakhmet, Elnaz"]
[Result "0-1"]
[WhiteElo "2013"]
[BlackElo "1426"]
[Annotator "NA"]
[PlyCount "78"]
[EventDate "2020.12.18"]
[EventType "k.o."]
[EventCountry "NET"]
[SourceTitle "playchess.com"]
[Source "ChessBase"]
[SourceQuality "1"]

1. c4 {[%emt 0:00:00]} c5 {[%emt 0:00:06]} 2. Nf3 {[%emt 0:00:04]} Nf6 {[%emt 0:00:05]} 3. Nc3 {[%emt 0:00:04]} Nc6 {[%emt 0:00:04]} 4. g3 {[%emt 0:00:08]} g6 {[%emt 0:00:03]} 5. d4 {[%emt 0:00:07]} cxd4 {[%emt 0:00:04]} 6. Nxd4 {[%emt 0:00:02]} Bg7 {[%emt 0:00:02]} 7. Bg2 {[%emt 0:01:08]} O-O {[%emt 0:00:04]} 8. O-O {[%emt 0:00:18]} Ng4 {[%emt 0:00:08]} 9. e3 {[%emt 0:00:50]} d6 {[%emt 0:00:07]} 10. Nxc6 {[%emt 0:01:20]} bxc6 {[%emt 0:00:04]} 11. Bxc6 {[%emt 0:00:28]} Rb8 {[%emt 0:00:04]} 12. Qe2 {[%emt 0:02:40]} Ne5 {[%emt 0:00:24]} 13. Bd5 {[%emt 0:02:53]} e6 {[%emt 0:02:06]} 14. Bg2 {[%emt 0:00:43]} Ba6 {[%emt 0:00:17]} 15. Rd1 {[%emt 0:01:14]} Nxc4 {[%emt 0:01:52]} 16. Qc2 {[%emt 0:00:31]} Qa5 {[%emt 0:00:52]} 17. Bf1 {[%emt 0:02:29]} d5 {[%emt 0:01:00]} 18. Bxc4 {[%emt 0:00:37]} Bxc4 {[%emt 0:00:04]} 19. Bd2 {[%emt 0:00:33]} Qb6 {[%emt 0:01:49]} 20. b3 {[%emt 0:00:24]} Ba6 {[%emt 0:00:06]} 21. Rac1 {[%emt 0:00:59]} Rfc8 {[%emt 0:00:13]} 22. Qb1 {[%emt 0:00:28]} Qd8 {[%emt 0:01:07]} 23. Na4 {[%emt 0:00:13]} Be2 {[%emt 0:00:19]} 24. Rxc8 {[%emt 0:00:08]} Rxc8 {[%emt 0:00:06]} 25. Rc1 {[%emt 0:00:05]} Bf3 {[%emt 0:00:25]} 26. Nc5 {[%emt 0:00:34]} e5 {[%emt 0:02:39]} 27. b4 {[%emt 0:00:14]} Bg4 {[%emt 0:01:21]} 28. Kg2 {[%emt 0:00:08]} Bf5 {[%emt 0:00:04]} 29. Qb3 {[%emt 0:00:06]} e4 {[%emt 0:01:18]} 30. Bc3 {[%emt 0:00:08]} Bg4 {[%emt 0:00:45]} 31. Bxg7 {[%emt 0:00:08]} Kxg7 {[%emt 0:00:03]} 32. h3 {[%emt 0:00:08]} Bf3+ {[%emt 0:00:03]} 33. Kh2 {[%emt 0:00:04]} Kg8 {[%emt 0:00:44]} 34. Qa4 {[%emt 0:00:16]} d4 {[%emt 0:00:30]} 35. exd4 {[%emt 0:00:22]} Qxd4 {[%emt 0:00:04]} 36. Rc2 {[%emt 0:00:06]} Qd1 {[%emt 0:00:18]} 37. Rc1 {[%emt 0:00:19]} Qxa4 {[%emt 0:00:09]} 38. Nxa4 {[%emt 0:00:02]} Rxc1 {[%emt 0:00:02]} 39. b5 {[%emt 0:00:04]} Rh1# {[%emt 0:00:02]} 0-1